All Sound! Euphonium Band Members - Statistics

General Stats
  • This quiz has been taken 166 times
    147 since last reset
  • The average score is 37 of 114
Answer Stats
Hint Answer % Correct
Euphonium Kumiko Oumae
93%
Trumpet Reina Kousaka
91%
Contrabass Sapphire Kawashima
91%
Euphonium Asuka Tanaka
88%
Conductor Noboru Taki
87%
Oboe Mizore Yoroizuka
86%
Flute Nozomi Kasaki
86%
Tuba Hazuki Katou
84%
Euphonium Natsuki Nakagawa
84%
Trombone Shuuichi Tsukamoto
81%
Euphonium Kanade Hisaishi
80%
Flute Kana Etou
78%
Trumpet Kaori Nakaseko
75%
Saxophone Haruka Ogasawara
74%
Tuba Takuya Gotou
74%
Trumpet Yuuko Yoshikawa
74%
Oboe Ririka Kenzaki
72%
Tuba Mirei Suzuki
68%
Euphonium Mayu Kuroe
67%
Tuba Satsuki Suzuki
66%
Contrabass Motomu Tsukinaga
64%
Percussion Tsubame Kamaya
64%
Saxophone Aoi Saitou
62%
Tuba Riko Nagase
56%
Tuba Suzume Kamaya
56%
Saxophone Seiya Suzuki
51%
Percussion Junna Inoue
48%
Clarinet Sari Yoshii
48%
Piccolo Sari Takahashi
41%
Tuba Yayoi Kamiishi
39%
Percussion Narai Tanabe
38%
Euphonium Kaho Hariya
36%
Clarinet Miki Katou
36%
Percussion Masako Sakai
35%
Clarinet Sugami Tanaka
32%
Trumpet Yume Kohinata
31%
Bassoon Raina Kitamura
29%
Saxophone Chikao Takigawa
28%
Horn Lala Hitomi
28%
Trumpet Tomoe Kabe
28%
Clarinet Chieri Takahisa
27%
Trumpet Junichi Takino
27%
Flute Shirabe Inoue
26%
Trombone Mei Taura
25%
Bassoon Mikino Oka
25%
Horn Miru Kishibe
25%
Trumpet Sayaka Takino
25%
Saxophone Chikai Maki
24%
Horn Hiro Kahashi
24%
Clarinet Hirone Torizuka
24%
Horn Michiyo Morimoto
24%
Saxophone Raimu Okamoto
24%
Percussion Saki Kayama
24%
Trumpet Sana Kasano
24%
Piccolo Yoriko Souga
24%
Horn Juri Sawada
22%
Trombone Sayaka Fukui
22%
Flute Tsune Watanabe
22%
Trumpet Akiko Yoshizawa
21%
Bassoon Eru Kabutodani
21%
Clarinet Shouko Hagiwara
21%
Trombone Hideri Noguchi
20%
Saxophone Kiri Matsumoto
20%
Saxophone Machiko Nara
20%
Percussion Miyoko Oono
20%
Clarinet Rie Shima
20%
Clarinet Sakiko Suzuka
20%
Bassoon/Contrabassoon Suruga Koteyama
20%
Clarinet Taku Imura
20%
Clarinet/Bass Clarinet Youko Matsuzaki
20%
Percussion Aota Maeda
19%
Clarinet Hiyoko Ueda
19%
Bass Clarinet Junko Koshigawa
19%
Flute Kotoko Himegami
19%
Flute Meiko Oda
19%
Saxophone Sumiko Hirao
19%
Percussion Sousuke Maeda
18%
Horn Sumiko Fukamachi
18%
Horn Hibiki Tsuchiya
16%
Saxophone Hiroe Hashi
16%
Horn Sanae Yashiki
16%
Saxophone Babe Uchida
15%
Saxophone Kiriko Miya
15%
Clarinet Maina Kase
15%
Bass Clarinet Ayako Sakasaki
14%
Trombone Maki Akamatsu
14%
Bass Clarinet Hitoshi Usui
13%
Clarinet Maya Hashida
13%
Saxophone Shinobu Morita
13%
Flute Tsumiki Yamane
13%
Clarinet Yumina Ooguchi
13%
Trombone Keina Iwata
12%
Trombone Maiya Kikkawa
12%
Saxophone Nanami Ootaki
12%
Clarinet Shiori Hiranuma
12%
Trumpet Suguru Takami
12%
Horn Aine Kohara
11%
Percussion Michiko Machida
11%
Trombone Michiru Hakase
11%
Flute Tsubomi Nakano
11%
Percussion Une Kitada
11%
Flute Kyouko Mihara
9%
Clarinet Seiko Ashida
9%
Clarinet Tairu Kitayama
9%
Clarinet Hisae Takano
8%
Saxophone Haruna Hosono
7%
Saxophone Kyouko Ayukawa
7%
Percussion Rairi Hayashi
7%
Saxophone Tadashi Endou
6%
Trumpet Tamari Asakura
6%
Percussion Motoko Higashiura
5%
Saxophone Nakaba Hattori
5%
Flute Narumi Hiraishi
5%
Trombone Tomomi Hotei
5%
No matching quizzes found
Score Distribution
Percent of People with Each Score
Percentile by Number Answered
Your Score History
You have not taken this quiz since the last reset